[Event "OGOLNOPOLSKA OLIMPIADA MLODZIEZY<br/>MISTRZOSTWA POLSKI JUNIOROW 2016 - C14"]
[Site "Olecko"]
[Date "2016-05-07"]
[Round "2.1"]
[White "Ossolinski, Ziemowit"]
[Black "Psyk, Radoslaw"]
[Result "1/2-1/2"]
[WhiteTitle "I"]
[BlackTitle "k"]
[WhiteElo "1849"]
[BlackElo "2219"]

1. e4 e5 2. Nf3 d5 3. d4 dxe4 4. Nxe5 Bd6 5. f4 Nf6 6. Be2 O-O 7. O-O c5 8. Nc3
Nc6 9. Nxc6 bxc6 10. Be3 Qe7 11. Kh1 Bb7 12. Qe1 cxd4 13. Bxd4 Rfe8 14. Bc4 Bc5
15. Be5 e3 16. Qe2 Rad8 17. Bd3 Bd4 18. Bxd4 Rxd4 19. Rae1 c5 20. b3 Bc8 21. h3
Bb7 22. Kg1 Rd6 23. Nd1 Nd5 24. a3 Qd8 25. Rf3 Qh4 26. Ref1 Rde6 27. Kh2 Nf6 28.
Rg3 h5 29. Bf5 R6e7 30. Rg5 Ng4+ 31. Bxg4 hxg4 32. Rxg4 Qf6 33. Rg3 Qd4 34. f5
Qd6 35. Re1 f6 36. Nc3 Ba6 37. Qf3 Bb7 38. Qe2 Qd4 39. Nd1 Qd6 40. Nc3 Kf8 41.
Qh5 Kg8 42. Qe2 Qd4 43. Nd1 Qf4 44. Rf1 Qd4 45. Re1 Qf4 46. Rf1 Qe5 47. Qc4+ Bd5
48. Qe2 Bf7 49. Qg4 Bh5 50. Qc4+ Kf8 51. Nxe3 Qd6 52. Ng4 Re4 53. Qd3 Rd4 54.
Qf3 Rd2 55. Qf4 Qxf4 56. Rxf4 Rxc2 57. Ra4 Re7 58. Ra6 Bf7 59. Rc6 Rb7 60. Rc8+
Ke7 61. Ne3 1/2-1/2

[Event "OGOLNOPOLSKA OLIMPIADA MLODZIEZY<br/>MISTRZOSTWA POLSKI JUNIOROW 2016 - C14"]
[Site "Olecko"]
[Date "2016-05-07"]
[Round "2.2"]
[White "Teclaf, Pawel"]
[Black "Golecki, Jan"]
[Result "1-0"]
[WhiteTitle "CM"]
[BlackTitle "I+"]
[WhiteElo "2214"]
[BlackElo "1880"]

1. e4 e5 2. Nf3 Nf6 3. Nxe5 d6 4. Nf3 Nxe4 5. d4 d5 6. Bd3 Nd6 7. O-O Be7 8. Bf4
O-O 9. Nc3 c6 10. Ne2 Re8 11. Ng3 Nd7 12. c3 Nf8 13. Qc2 Be6 14. Rae1 Bf6 15.
Ne5 Ng6 16. Bc1 Bd7 17. f4 Qc7 18. Nh5 Bxe5 19. fxe5 Ne4 20. Bxe4 dxe4 21. Qf2
Be6 22. Nxg7 Bc4 23. Qf6 Qd8 24. Nxe8 Qxf6 25. Nxf6+ Kg7 26. Nxe4 Bxf1 27. Rxf1
1-0

[Event "OGOLNOPOLSKA OLIMPIADA MLODZIEZY<br/>MISTRZOSTWA POLSKI JUNIOROW 2016 - C14"]
[Site "Olecko"]
[Date "2016-05-07"]
[Round "2.3"]
[White "Mis, Mieszko"]
[Black "Godzwon, Iwo"]
[Result "1/2-1/2"]
[WhiteTitle "I+"]
[BlackTitle "I"]
[WhiteElo "2069"]
[BlackElo "1836"]

1. g3 g6 2. Bg2 Bg7 3. Nf3 c5 4. O-O Nc6 5. c4 d6 6. Nc3 e6 7. e3 Nge7 8. d4 O-O
9. d5 Na5 10. Nd2 Rb8 11. Qc2 b6 12. Rd1 e5 13. a3 Bd7 14. b4 Nb7 15. Bb2 f5 16.
f4 e4 17. b5 Na5 18. Bf1 Kh8 19. Nb3 Nxb3 20. Qxb3 Ng8 21. Kf2 Nh6 22. Be2 Qe7
23. h3 Nf7 24. Ke1 Kg8 25. Kd2 Nd8 26. Rg1 Nb7 27. g4 Kf7 28. gxf5 Bxf5 29. Bg4
Ke8 30. Qc2 Na5 31. Nd1 Bxb2 32. Nxb2 Kd7 33. Rg2 Rbe8 34. Rag1 Rf7 35. Nd1 Qh4
36. Nf2 Kc7 37. Qc3 Qe7 38. Kc2 Ref8 39. Rh2 g5 40. fxg5 Bxg4 41. Nxg4 Qxg5 42.
h4 Qg6 43. h5 Qg5 44. h6 Nb7 45. Rhg2 Nd8 46. Kb3 Kc8 47. a4 Nb7 48. Qc2 Re8 49.
Rf2 Rxf2 50. Qxf2 Rg8 51. Qf7 Qg6 52. Qe7 Qf5 53. Qh4 Nd8 54. Qh3 Qf3 55. Qh4
Qe2 1/2-1/2

[Event "OGOLNOPOLSKA OLIMPIADA MLODZIEZY<br/>MISTRZOSTWA POLSKI JUNIOROW 2016 - C14"]
[Site "Olecko"]
[Date "2016-05-07"]
[Round "2.4"]
[White "Polczyk, Mikolaj"]
[Black "Ochowicz, Jakub"]
[Result "0-1"]
[WhiteTitle "I"]
[BlackTitle "I+"]
[WhiteElo "1831"]
[BlackElo "2040"]

1. e4 c5 2. Nf3 d6 3. d4 cxd4 4. Nxd4 Nf6 5. Nc3 Nc6 6. Be3 Ng4 7. Bb5 Nxe3 8.
fxe3 Bd7 9. Bxc6 bxc6 10. O-O e6 11. Qf3 Qf6 12. Qh5 Qg6 13. Qa5 Be7 14. Qa6 O-O
15. Nxc6 Bxc6 16. Qxc6 Rfc8 17. Qa4 Bf6 18. Nb5 Bxb2 19. Nxd6 Rf8 20. Rad1 Be5
21. Rd3 Qh6 22. g3 Bxd6 23. Rxd6 Qxe3+ 24. Kg2 Rad8 25. Rfd1 Qe2+ 26. Kh3 Rxd6
27. Rxd6 Qf1+ 28. Kh4 Qg2 29. Qc4 Qxh2+ 30. Kg4 h5+ 31. Kf3 h4 32. Rd1 Qxg3+ 33.
Ke2 Qg4+ 34. Ke1 h3 0-1

[Event "OGOLNOPOLSKA OLIMPIADA MLODZIEZY<br/>MISTRZOSTWA POLSKI JUNIOROW 2016 - C14"]
[Site "Olecko"]
[Date "2016-05-07"]
[Round "2.5"]
[White "Szczurek, Krzysztof"]
[Black "Strzelecki, Maciej"]
[Result "1-0"]
[WhiteTitle "I"]
[BlackTitle "I"]
[WhiteElo "1991"]
[BlackElo "1813"]

1. e4 c5 2. Nf3 d6 3. d4 cxd4 4. Nxd4 Nf6 5. Nc3 a6 6. Be3 e5 7. Nb3 Be6 8. f3
h5 9. Qd2 Nbd7 10. O-O-O b5 11. g3 Rc8 12. Kb1 Be7 13. h3 Nb6 14. Qe1 Qc7 15.
Rh2 Nc4 16. Bg1 b4 17. Na4 Rb8 18. Nd2 Nxd2+ 19. Qxd2 Bd7 20. b3 Bxa4 21. bxa4
Qa5 22. Qd3 Ra8 23. Qb3 O-O 24. Bc4 Nd7 25. g4 h4 26. g5 g6 27. Rg2 Nb6 28. Bxb6
Qxb6 29. Qd3 a5 30. Rg4 Kg7 31. f4 f5 32. gxf6+ Bxf6 33. f5 g5 34. Qd2 Qd8 35.
Rdg1 Kh7 36. Rxg5 Bxg5 37. Rxg5 Rh8 38. Rg6 1-0

[Event "OGOLNOPOLSKA OLIMPIADA MLODZIEZY<br/>MISTRZOSTWA POLSKI JUNIOROW 2016 - C14"]
[Site "Olecko"]
[Date "2016-05-07"]
[Round "2.6"]
[White "Kokoszczynski, Jan"]
[Black "Namyslak, Piotr"]
[Result "0-1"]
[WhiteTitle "k"]
[BlackTitle "I"]
[WhiteElo "1983"]
[BlackElo "1775"]

1. e4 e6 2. d4 d5 3. Nd2 Nf6 4. e5 Nfd7 5. Bd3 c5 6. c3 Nc6 7. Ne2 cxd4 8. cxd4
f6 9. exf6 Nxf6 10. Nf3 Bd6 11. O-O O-O 12. Bf4 Nh5 13. Bxd6 Qxd6 14. Ng3 Nf4
15. Re1 Nxd3 16. Qxd3 Bd7 17. Ne5 Nxe5 18. dxe5 Qb6 19. Qd2 Rf7 20. Rac1 Raf8
21. Rc2 Bc6 22. Rd1 Rxf2 23. Qxf2 Rxf2 24. Rxf2 Qe3 25. b3 h6 26. Nf1 Qxe5 27.
Nd2 d4 28. Nf3 Bxf3 29. Rxf3 Qc5 30. Rfd3 e5 31. Kf2 Kf7 32. Kf3 Ke6 33. a4 Kd5
34. Re1 Qc2 0-1

[Event "OGOLNOPOLSKA OLIMPIADA MLODZIEZY<br/>MISTRZOSTWA POLSKI JUNIOROW 2016 - C14"]
[Site "Olecko"]
[Date "2016-05-07"]
[Round "2.7"]
[White "Wierzbicki, Michal"]
[Black "Szpar, Milosz"]
[Result "0-1"]
[WhiteTitle "I"]
[BlackTitle "I"]
[WhiteElo "1708"]
[BlackElo "1956"]

1. d4 d5 2. Nf3 Nf6 3. c4 dxc4 4. Nc3 e6 5. e4 Be7 6. Bxc4 O-O 7. O-O a6 8. a4
c5 9. d5 exd5 10. exd5 h6 11. Qd3 Bd6 12. Ba2 Re8 13. h3 Nbd7 14. Bd2 b6 15. Rfe1
Bb7 16. g4 Ne5 17. Nxe5 Bxe5 18. g5 hxg5 19. Bxg5 Qd6 20. Rad1 Nh7 21. h4 Nxg5
22. hxg5 Bd4 23. Re4 Rxe4 24. Qxe4 Qg3+ 25. Qg2 Bxf2+ 26. Kf1 Qxg2+ 27. Kxg2 Bd4
28. Re1 Kf8 29. Kf3 Rd8 30. g6 Bxc3 31. bxc3 Bxd5+ 32. Bxd5 Rxd5 33. gxf7 Kxf7
34. Ke4 Rd6 35. Rf1+ Ke7 36. Rg1 g6 37. Rg2 Kd7 38. Rh2 Kc6 39. Rh8 Re6+ 40. Kd3
Kd5 41. c4+ Ke5 42. Ra8 a5 43. Rf8 Rf6 44. Re8+ Kf4 45. Re1 Rd6+ 46. Kc3 g5 47.
Rf1+ Ke3 48. Re1+ Kf2 49. Re7 g4 50. Rg7 g3 51. Kd4 0-1

[Event "OGOLNOPOLSKA OLIMPIADA MLODZIEZY<br/>MISTRZOSTWA POLSKI JUNIOROW 2016 - C14"]
[Site "Olecko"]
[Date "2016-05-07"]
[Round "2.8"]
[White "Fus, Jakub"]
[Black "Majocha, Piotr"]
[Result "0-1"]
[WhiteTitle "I+"]
[BlackTitle "I"]
[WhiteElo "1936"]
[BlackElo "1703"]

1. d4 Nf6 2. c4 e6 3. g3 b6 4. Bg2 c6 5. Nf3 d5 6. Qa4 Bd6 7. O-O O-O 8. Nc3 Bb7
9. Bg5 Nbd7 10. e4 Be7 11. e5 Ne8 12. Bxe7 Qxe7 13. cxd5 cxd5 14. Ne2 Nc7 15.
Nf4 Ba6 16. Rfc1 Bb5 17. Qc2 Rac8 18. h4 h6 19. h5 a5 20. g4 Ba6 21. Qd2 Bc4 22.
Nh3 Qb4 23. Qc2 f5 24. exf6 Rxf6 25. g5 hxg5 26. Nhxg5 Rh6 27. Bh3 Qd6 28. Re1
Re8 29. b3 Ba6 30. Rac1 Rc8 31. Qb1 Nf8 32. Re5 Nb5 33. Rce1 Na3 34. Qd1 Nc2 35.
Rxe6 Nxe6 36. Bxe6+ Rxe6 37. Rxe6 Qf4 38. Re5 Qg4+ 39. Kh2 Qxh5+ 40. Kg3 Qg6 41.
Re6 Qf5 42. Re5 Qg6 43. Qh1 Rf8 44. Qh4 Bc8 45. Re7 Qd6+ 46. Kg2 Qg6 47. Ne5 Qh6
48. Qxh6 gxh6 49. Ngf3 Bf5 50. Kg3 Be4 51. Re6 h5 52. Rh6 Nb4 53. a3 Nd3 54. Rxh5
Nc1 55. Rh6 Ne2+ 56. Kg4 Bxf3+ 57. Nxf3 Rf4+ 58. Kg5 Rxf3 59. Rxb6 Nxd4 60. b4
axb4 61. axb4 Rxf2 62. Kg6 Kf8 63. Rf6+ Rxf6+ 64. Kxf6 Nb5 65. Ke5 d4 66. Ke4
Ke7 67. Kd3 Kd6 68. Kc4 Ke5 69. Kxd4+ 0-1

[Event "OGOLNOPOLSKA OLIMPIADA MLODZIEZY<br/>MISTRZOSTWA POLSKI JUNIOROW 2016 - C14"]
[Site "Olecko"]
[Date "2016-05-07"]
[Round "2.9"]
[White "Radecki, Adam"]
[Black "Kozak, Antoni"]
[Result "1-0"]
[WhiteTitle "I"]
[BlackTitle "I"]
[WhiteElo "1667"]
[BlackElo "1932"]

1. e4 e5 2. Nf3 Nc6 3. Bc4 Nf6 4. d3 Be7 5. O-O O-O 6. Nc3 d6 7. a3 Nd4 8. Nxd4
exd4 9. Ne2 c5 10. Nf4 Rb8 11. a4 Bg4 12. f3 Bd7 13. Qe1 Bc6 14. Bb3 Re8 15. Qg3
Bf8 16. Re1 a5 17. Bd2 b6 18. h3 Bd7 19. Re2 Qe7 20. Nd5 Nxd5 21. Bxd5 Be6 22.
Bc6 Bd7 23. Bd5 Be6 24. Bc6 Red8 25. Rae1 f6 26. b3 Qf7 27. f4 f5 28. Qf3 Kh8
29. exf5 Bxf5 30. g4 Bc8 31. f5 Bb7 32. Bxb7 Qxb7 33. Qg3 Qd7 34. Kf1 Re8 35.
Rxe8 Rxe8 36. Rxe8 Qxe8 37. Qe1 Qa8 38. Qe4 d5 39. Qe5 Qd8 40. Kg2 Be7 41. Bf4
Kg8 42. Qe6+ Kf8 43. Be5 c4 44. Bxd4 cxd3 45. cxd3 Qc7 46. Qxd5 Bh4 47. Bf2 Bxf2
48. Kxf2 Qh2+ 49. Ke3 Qxh3+ 50. Qf3 Qh6+ 51. Qf4 Qh3+ 52. Kd4 Qg2 53. Ke5 Qb2+
54. Qd4 Qh2+ 55. Ke6 Qh6+ 56. Kd7 g6 57. Qh8+ Kf7 58. Qe8+ Kg7 59. f6+ Kxf6 60.
Qe7# 1-0

[Event "OGOLNOPOLSKA OLIMPIADA MLODZIEZY<br/>MISTRZOSTWA POLSKI JUNIOROW 2016 - C14"]
[Site "Olecko"]
[Date "2016-05-07"]
[Round "2.10"]
[White "Pytel, Maciej"]
[Black "Kopec, Norbert"]
[Result "1-0"]
[WhiteTitle "I"]
[BlackTitle "II"]
[WhiteElo "1904"]
[BlackElo "1558"]

1. e4 e5 2. f4 exf4 3. Nf3 Nf6 4. e5 Nh5 5. d4 d5 6. Bd3 g5 7. O-O g4 8. Nc3 c6
9. Qe2 Rg8 10. Ne1 Qh4 11. Bxf4 Nxf4 12. Rxf4 Bh6 13. g3 Qh5 14. Rf2 Bg5 15. Ng2
Qh6 16. Bf5 Bxf5 17. Rxf5 Be7 18. Raf1 Rg7 19. Ne3 Qg6 20. R5f4 Nd7 21. Nf5 Rg8
22. Nxe7 Kxe7 23. Rxf7+ Qxf7 24. Rxf7+ Kxf7 25. e6+ Ke7 26. exd7+ Kxd7 27. Qd3
Rae8 28. Ne2 Re7 29. Nf4 Kc7 30. c4 Kb8 31. cxd5 Rc7 32. dxc6 Rxc6 33. d5 Rc1+
34. Kf2 Rd8 35. Qd2 Rdc8 36. Ke3 R1c2 37. Qd4 a6 38. d6 Re8+ 39. Kd3 Rc6 40. d7
Rd8 41. Ke4 b5 42. Qe5+ Rc7 43. Nd5 Rdxd7 44. Nxc7 Rxc7 45. Kf4 Kb7 46. Kxg4 h5+
47. Kxh5 Rh7+ 48. Kg6 Rxh2 49. g4 Rh6+ 50. Kxh6 1-0

[Event "OGOLNOPOLSKA OLIMPIADA MLODZIEZY<br/>MISTRZOSTWA POLSKI JUNIOROW 2016 - C14"]
[Site "Olecko"]
[Date "2016-05-07"]
[Round "2.11"]
[White "Nowak, Mikolaj"]
[Black "Kucharski, Bartlomiej"]
[Result "1-0"]
[WhiteTitle "I++"]
[BlackTitle "II"]
[WhiteElo "2024"]
[BlackElo "1667"]

1. f4 e5 2. fxe5 d6 3. exd6 Bxd6 4. Nf3 g5 5. g3 g4 6. Nh4 Be7 7. Ng2 h5 8. d4
Nc6 9. c3 h4 10. Bf4 hxg3 11. Bxg3 Bd6 12. Qd3 Bf5 13. Qe3+ Nge7 14. Nd2 Bxg3+
15. Qxg3 Rh3 16. Qf4 Be6 17. Ne4 Nd5 18. Qg5 Nce7 19. Nf4 Nxf4 20. Bxh3 Neg6 21.
Bf1 Qxg5 22. Nxg5 Bd7 23. e3 Bc6 24. Rg1 Nd5 25. Bc4 f6 26. Ne6 Kd7 27. Rxg4 Nxe3
28. Rxg6 Nxc4 29. Nc5+ Ke7 30. O-O-O b6 31. d5 Be8 32. Rg7+ Kd8 33. Ne6+ Kc8 34.
Rxc7+ Kb8 35. Rxc4 1-0

[Event "OGOLNOPOLSKA OLIMPIADA MLODZIEZY<br/>MISTRZOSTWA POLSKI JUNIOROW 2016 - C14"]
[Site "Olecko"]
[Date "2016-05-07"]
[Round "2.12"]
[White "Pacan-milej, Kosma"]
[Black "Rogala, Milosz"]
[Result "1-0"]
[WhiteTitle "I"]
[BlackTitle "II"]
[WhiteElo "1967"]
[BlackElo "1561"]

1. d4 d5 2. c4 c6 3. Nf3 Nf6 4. e3 a6 5. Nbd2 b5 6. b3 Bg4 7. Be2 e6 8. O-O Bd6
9. Bb2 O-O 10. Bd3 Re8 11. Qc2 h6 12. Ne5 Bh5 13. h3 Nfd7 14. g4 Bg6 15. Bxg6
fxg6 16. Qxg6 Bxe5 17. dxe5 Nf8 18. Qc2 Nbd7 19. Nf3 Qe7 20. cxd5 cxd5 21. Rac1
h5 22. Kg2 Qf7 23. Ng5 Qe7 24. f4 Rac8 25. Qb1 g6 26. Rxc8 Rxc8 27. Rc1 Rxc1 28.
Qxc1 Qd8 29. Qc3 hxg4 30. hxg4 Qe7 31. a3 Nc5 32. Qb4 Nfd7 33. Bd4 Kh8 34. Kf3
Kg8 35. Bxc5 Nxc5 36. Nxe6 Qxe6 37. Qxc5 d4 38. Qxd4 Qxb3 39. Qd8+ Kg7 40. Qd7+
Kg8 41. e6 Qb1 42. Qf7+ Kh8 43. e7 Qh1+ 44. Ke2 Qg2+ 45. Kd3 Qf1+ 46. Ke4 Qg2+
47. Ke5 Qb2+ 48. Ke6 Qb3+ 49. Kf6 Qc3+ 50. Kxg6 Qd3+ 51. f5 Qd8 1-0

[Event "OGOLNOPOLSKA OLIMPIADA MLODZIEZY<br/>MISTRZOSTWA POLSKI JUNIOROW 2016 - C14"]
[Site "Olecko"]
[Date "2016-05-07"]
[Round "2.13"]
[White "Pniaczek, Marek"]
[Black "Poziomkowski, Szymon"]
[Result "1-0"]
[WhiteTitle "I+"]
[BlackTitle "I"]
[WhiteElo "1855"]
[BlackElo "1726"]

1. e4 c5 2. Nf3 a6 3. c4 e6 4. Nc3 Nc6 5. Be2 Nf6 6. d4 cxd4 7. Nxd4 Qc7 8. Be3
Bb4 9. Qc2 Ne5 10. Qb3 Bxc3+ 11. Qxc3 Nxe4 12. Qa3 Nxc4 13. Bxc4 Qxc4 14. Rc1
Qd5 15. f3 Nd6 16. Rc5 Nc4 17. Qb4 Nxb2 18. Ke2 a5 19. Qc3 Na4 20. Rxc8+ Ke7 21.
Qa3+ Qd6 22. Qxd6+ Kxd6 23. Rc4 Nb2 24. Rc2 Na4 25. Rc4 Nb2 26. Nb5+ Ke7 27. Bc5+
Kd8 28. Bb6+ Ke7 29. Bc5+ Kd8 30. Rc2 Na4 31. Bd6 Ra6 32. Rhc1 Rc6 33. Na7 Rxd6
34. Rc8+ Ke7 35. Rxh8 Kf6 36. Rxh7 Rd5 37. Rh4 Nc5 38. Nc8 g5 39. Rhc4 Re5+ 40.
Kf1 Nd3 41. Rb1 d5 42. Rc3 Nb4 43. Nb6 Kg6 44. Nd7 Rf5 45. g4 Rf4 46. a3 d4 47.
Rcb3 Nc2 48. Kf2 b5 49. Ne5+ Kg7 50. Nd3 Rf6 51. Rxb5 Nxa3 52. Rxg5+ Kh7 53. Rb8
Rh6 54. Kg3 Nc4 55. Rbg8 Rg6 56. R5xg6 fxg6 57. Ra8 Kg7 58. Kf4 Kf6 59. g5+ Ke7
60. Ne5 Nxe5 61. Kxe5 d3 62. Rxa5 d2 63. Ra1 1-0

[Event "OGOLNOPOLSKA OLIMPIADA MLODZIEZY<br/>MISTRZOSTWA POLSKI JUNIOROW 2016 - C14"]
[Site "Olecko"]
[Date "2016-05-07"]
[Round "2.14"]
[White "Pultorak, Jan"]
[Black "Kukorowski, Jan"]
[Result "1-0"]
[WhiteTitle "FM"]
[BlackTitle "I"]
[WhiteElo "2301"]
[BlackElo "1706"]

1. d4 Nf6 2. c4 c5 3. d5 e5 4. Nc3 d6 5. e4 Nbd7 6. g3 g6 7. Bg2 Bg7 8. Nge2 O-O
9. O-O Ne8 10. Be3 f5 11. Qd2 Ndf6 12. Kh1 Ng4 13. Bg5 Bf6 14. Bxf6 Ngxf6 15.
f4 Qe7 16. Rae1 Nxe4 17. Nxe4 fxe4 18. Nc3 exf4 19. Nxe4 Qc7 20. Rxf4 Bf5 21.
g4 Bxe4 22. Rfxe4 Ng7 23. Re7 Qc8 24. Qh6 Rf7 25. Rxf7 Kxf7 26. Qxh7 Qg8 27. Rf1+
Ke7 28. Qxg6 Rf8 29. Re1+ Kd7 30. Be4 Qh8 31. Kg2 Kd8 32. Qxd6+ Kc8 33. Qxc5+
Kb8 34. Qe3 Ne8 35. Re2 Nf6 36. Bf5 Qg8 37. Qe6 Qg7 38. c5 a6 39. Qd6+ Ka8 40.
c6 Nxg4 41. cxb7+ Ka7 42. b8=Q+ 1-0

[Event "OGOLNOPOLSKA OLIMPIADA MLODZIEZY<br/>MISTRZOSTWA POLSKI JUNIOROW 2016 - C14"]
[Site "Olecko"]
[Date "2016-05-07"]
[Round "2.15"]
[White "Paliwoda, Borys"]
[Black "Kosakowski, Jakub"]
[Result "0-1"]
[WhiteTitle "II"]
[BlackTitle "k"]
[WhiteElo "1694"]
[BlackElo "2202"]

1. e4 c5 2. Nf3 d6 3. d4 cxd4 4. Nxd4 Nf6 5. f3 e5 6. Nb3 Be6 7. c4 Nbd7 8. Be3
Rc8 9. N3d2 b5 10. cxb5 d5 11. exd5 Nxd5 12. Bf2 Bc5 13. Bxc5 Rxc5 14. Na3 O-O
15. Ne4 Rc8 16. Bd3 f5 17. Ng3 Qh4 18. Bc4 Rxc4 19. Nxc4 Qxc4 20. Qe2 Qb4+ 21.
Qd2 Qxb5 22. Ne2 Qb6 23. Nc3 N7f6 24. Rc1 Nf4 25. Rd1 Bc4 26. b3 Ba6 27. Rb1 Rd8
0-1

[Event "OGOLNOPOLSKA OLIMPIADA MLODZIEZY<br/>MISTRZOSTWA POLSKI JUNIOROW 2016 - C14"]
[Site "Olecko"]
[Date "2016-05-07"]
[Round "2.16"]
[White "Maciejewski, Kamil"]
[Black "Lis, Mateusz"]
[Result "0-1"]
[WhiteTitle "I"]
[BlackTitle "I"]
[WhiteElo "1656"]
[BlackElo "1998"]

1. e4 c5 2. Nf3 d6 3. d4 cxd4 4. Nxd4 Nf6 5. Nc3 Nc6 6. Bc4 e5 7. Nf3 h6 8. O-O
Be7 9. Re1 O-O 10. Nd5 Bg4 11. c3 Na5 12. Nxf6+ Bxf6 13. Bd5 Nc6 14. Qd3 Qd7 15.
Nd2 Ne7 16. c4 Rfd8 17. Nf1 Ng6 18. Qb3 Rab8 19. Ne3 Be6 20. Rd1 Nf4 21. Qc2 g6
22. b3 Rbc8 23. Qd2 Bg5 24. Qe1 h5 25. Ba3 Be7 26. Rd2 h4 27. Rad1 b6 28. h3 Kg7
29. Bxe6 Qxe6 30. Nd5 Nxd5 31. Rxd5 Rc6 32. Qe2 a5 33. Bb2 Rdc8 34. a4 Rc5 35.
Ba3 R5c6 36. Qd3 Rd8 37. Bb2 f6 38. Rb5 Rb8 39. Qd5 Qxd5 40. Rbxd5 Kf7 41. Kf1
Ke6 42. Ke2 f5 43. f3 Rg8 44. Bc1 fxe4 45. fxe4 g5 46. Rg1 g4 47. Rdd1 Rc7 48.
Be3 Rb7 49. Rdf1 Bd8 50. Rf5 Rbg7 51. Rff1 Bc7 52. Bf2 Bd8 53. Be3 Rg6 54. Bf2
Kd7 55. Be3 Kc6 56. Bf2 Be7 57. Be3 Bg5 58. Bf2 Bf4 59. Kd3 gxh3 60. gxh3 Bg3
61. Ke2 Bxf2 62. Rxg6 Rxg6 63. Rxf2 Kc5 64. Rf3 Rg2+ 65. Kd1 Rh2 66. Ke1 Kd4 67.
Rf6 Ke3 68. Kf1 Rh1+ 69. Kg2 Rd1 70. Rh6 Rd2+ 71. Kg1 Kxe4 72. Rxh4+ Kf3 73. Rh6
e4 74. Rf6+ Kg3 75. Kf1 e3 76. Re6 Kf3 77. Rf6+ Ke4 78. Re6+ Kf4 79. h4 Rd3 80.
h5 Kf5 81. Rg6 Rd2 82. Ke1 Ke5 83. Rg8 Rh2 84. Re8+ Kf4 85. Rd8 Kf3 86. Rf8+ Ke4
87. Rd8 Ke5 88. Re8+ Kd4 89. Rd8 Kc5 90. Re8 Rxh5 91. Rb8 Rh2 92. Re8 Rh3 93.
Rb8 e2 94. Rc8+ Kd4 95. Kxe2 Rxb3 96. Rc6 d5 97. cxd5 Kxd5 98. Rh6 Kc4 99. Kd2
Rb4 100. Kc2 Kc5 101. Rh5+ Kc6 102. Rh6+ Kb7 103. Kc1 Rxa4 104. Kb2 Ka6 105. Rg6
Rh4 106. Rg5 a4 107. Ka3 b5 108. Rg3 Ka5 109. Rg5 Rh3+ 110. Kb2 a3+ 111. Ka2 Ka4
112. Rg8 Rh2+ 113. Ka1 b4 114. Rg4 Rd2 115. Rh4 Kb3 116. Rh3+ Kc4 117. Rh4+ Rd4
118. Rh1 b3 119. Rc1+ Kb4 120. Rh1 Rd2 121. Rg1 Kc4 122. Kb1 Kd4 123. Rc1 a2+
124. Ka1 b2+ 0-1

[Event "OGOLNOPOLSKA OLIMPIADA MLODZIEZY<br/>MISTRZOSTWA POLSKI JUNIOROW 2016 - C14"]
[Site "Olecko"]
[Date "2016-05-07"]
[Round "2.17"]
[White "Dixa, Oskar"]
[Black "Sanz Wawer, Daniel"]
[Result "1/2-1/2"]
[WhiteTitle "I"]
[BlackTitle "k"]
[WhiteElo "1630"]
[BlackElo "1988"]

1. d4 Nf6 2. g3 d5 3. Bg2 e6 4. Nf3 Be7 5. O-O O-O 6. c4 c6 7. Nbd2 Nbd7 8. Qc2
b6 9. e4 Bb7 10. e5 Ne8 11. b3 Rc8 12. Bb2 Nc7 13. Ne1 Ba8 14. f4 c5 15. Nef3
dxc4 16. Nxc4 Nd5 17. Qe2 b5 18. Ncd2 Qb6 19. Rac1 cxd4 20. Bxd4 Bc5 21. Bxc5
Rxc5 22. Rxc5 Qxc5+ 23. Kh1 Ne3 24. Re1 Nxg2 25. Kxg2 Qc2 26. Nf1 Rc8 27. Ne3
Qe4 28. Rd1 Rc2 29. Qxc2 Qxf3+ 30. Kg1 Qxe3+ 31. Qf2 Qe4 32. Kf1 Nf8 33. Rd8 Bd5
34. Rxf8+ Kxf8 35. Qc5+ Ke8 36. Qc8+ Ke7 37. Qc7+ Ke8 38. Qc8+ Ke7 39. Qc7+ Ke8
40. Qc8+ Ke7 41. Qc7+ Ke8 1/2-1/2

[Event "OGOLNOPOLSKA OLIMPIADA MLODZIEZY<br/>MISTRZOSTWA POLSKI JUNIOROW 2016 - C14"]
[Site "Olecko"]
[Date "2016-05-07"]
[Round "2.18"]
[White "Musiala, Jakub"]
[Black "Golenia, Jan"]
[Result "0-1"]
[WhiteTitle "II+"]
[BlackTitle "I"]
[WhiteElo "1629"]
[BlackElo "1973"]

1. e4 e5 2. Nf3 Nc6 3. d4 exd4 4. Bc4 d6 5. O-O Be7 6. Nxd4 Ne5 7. Bb3 Nf6 8. Nc3
O-O 9. f4 Ng6 10. Qd3 a6 11. Bd2 c5 12. Nf5 b5 13. Nxe7+ Qxe7 14. Nd5 Nxd5 15.
Bxd5 Ra7 16. Ba5 Qf6 17. Bc3 Qh4 18. g3 Qg4 19. f5 Ne7 20. Rf4 Qg5 21. Qd1 Nxd5
22. Qxd5 Rd7 23. f6 Qxd5 24. exd5 g6 25. Re4 b4 26. Be1 h6 27. c3 bxc3 28. bxc3
Rb7 29. Bd2 Kh7 30. Bf4 g5 31. Bxd6 Rd8 32. Bxc5 Rxd5 33. Bd4 Be6 34. a3 Rdb5
35. Rae1 Kg6 36. h4 Rb3 37. a4 Ra3 38. hxg5 hxg5 39. Be5 Rb2 40. c4 Rc2 41. c5
Raa2 42. Rd1 Rg2+ 43. Kf1 Bh3 44. Bd4 Rh2+ 45. Kg1 Rag2+ 0-1

[Event "OGOLNOPOLSKA OLIMPIADA MLODZIEZY<br/>MISTRZOSTWA POLSKI JUNIOROW 2016 - C14"]
[Site "Olecko"]
[Date "2016-05-07"]
[Round "2.19"]
[White "Galuszka, Tomasz"]
[Black "Kopaczewski, Adam"]
[Result "0-1"]
[WhiteTitle "II+"]
[BlackTitle "I"]
[WhiteElo "1586"]
[BlackElo "1854"]

1. e4 e5 2. Nf3 Nc6 3. Bb5 a6 4. Bxc6 dxc6 5. d3 Bd6 6. Nbd2 Be6 7. Nc4 f6 8. a3
Bc5 9. O-O Qd7 10. b4 Ba7 11. Qe2 g5 12. Be3 Bxe3 13. Nxe3 Ne7 14. Rad1 Ng6 15.
g3 g4 16. Nd2 O-O-O 17. Nb3 Bxb3 18. cxb3 h5 19. a4 Nf8 20. b5 cxb5 21. Nd5 Ne6
22. Nxf6 Qd6 23. Nd5 Nd4 24. Qb2 Nf3+ 25. Kg2 h4 26. Rh1 h3+ 27. Kf1 c6 28. Ne3
Qb4 29. Nc2 Qc5 30. b4 Qb6 31. a5 Qc7 32. Qc3 Qf7 33. Ne3 Nd4 34. Rg1 Rhf8 35.
Qd2 Nf3 36. Qb2 Nxh2+ 37. Ke1 Nf3+ 38. Kf1 Nxg1 39. Kxg1 h2+ 40. Kf1 0-1

[Event "OGOLNOPOLSKA OLIMPIADA MLODZIEZY<br/>MISTRZOSTWA POLSKI JUNIOROW 2016 - C14"]
[Site "Olecko"]
[Date "2016-05-07"]
[Round "2.20"]
[White "Mike, Patryk"]
[Black "Skowron, Mateusz"]
[Result "1/2-1/2"]
[WhiteTitle "I"]
[BlackTitle "I"]
[WhiteElo "1804"]
[BlackElo "1508"]

1. e4 c6 2. d4 d5 3. e5 Bf5 4. Nd2 e6 5. Nb3 Nd7 6. Nf3 c5 7. dxc5 Bxc5 8. Nxc5
Nxc5 9. Be2 Ne7 10. O-O O-O 11. Nd4 Bg6 12. Be3 b6 13. Rc1 Nf5 14. Nxf5 Bxf5 15.
c4 dxc4 16. Rxc4 Rc8 17. Qxd8 Rfxd8 18. Rfc1 Rb8 19. b4 Nd3 20. Bxd3 Bxd3 21.
Rc7 a5 22. a3 axb4 23. axb4 b5 24. Bg5 Re8 25. Rd1 Bg6 26. f4 h6 27. Bh4 Rec8
28. Rdc1 Rxc7 29. Rxc7 Bd3 30. Rd7 Bc4 31. Be7 Ra8 32. Rd8+ Rxd8 33. Bxd8 Kh7
34. Kf2 Kg6 35. g4 Bb3 36. h4 h5 37. g5 Bc4 38. Be7 Kf5 39. Kg3 g6 40. Bc5 Bd5
41. Bd6 Bc4 1/2-1/2

[Event "OGOLNOPOLSKA OLIMPIADA MLODZIEZY<br/>MISTRZOSTWA POLSKI JUNIOROW 2016 - C14"]
[Site "Olecko"]
[Date "2016-05-07"]
[Round "2.21"]
[White "Brzozowski, Pawel"]
[Black "Musial, Tomasz"]
[Result "1-0"]
[WhiteTitle "II"]
[BlackTitle "II+"]
[WhiteElo "1567"]
[BlackElo "1799"]

1. e4 e6 2. d4 d5 3. Nc3 Nf6 4. e5 Nfd7 5. f4 c5 6. Nf3 Nc6 7. Be3 a6 8. Qd2 b5
9. dxc5 Bxc5 10. Bxc5 Nxc5 11. Qf2 Qb6 12. Bd3 Bb7 13. Ne2 Nb4 14. O-O O-O 15.
Kh1 Nbxd3 16. cxd3 Rac8 17. h4 Na4 18. Qxb6 Nxb6 19. b3 a5 20. Rfc1 Ba6 21. Ned4
b4 22. Ne1 Nd7 23. Nc6 Rfe8 24. Nxa5 Nc5 25. d4 Ne4 26. Nc6 Ng3+ 27. Kh2 Ne2 28.
Rc2 Nxf4 29. Nxb4 Rxc2 30. Nexc2 Bd3 31. Nxd3 Nxd3 32. Ne1 Nb4 33. a3 Nc6 34.
Nc2 Rc8 35. Ra2 f6 36. exf6 gxf6 37. Kg3 e5 38. Kf3 Nxd4+ 39. Nxd4 Rc3+ 40. Ke2
exd4 41. b4 Rb3 42. a4 Rxb4 43. a5 Rb7 44. a6 Ra7 45. Kd3 Kf7 46. Kxd4 Ke6 47.
Kc5 Ke5 48. Kb6 Ra8 49. Kb7 Rg8 50. a7 d4 51. a8=Q Rxa8 52. Kxa8 d3 53. Kb7 Ke4
54. Kc6 Ke3 55. Ra3 Ke2 56. Kd5 d2 57. Ra2 Ke1 58. Ra1+ d1=R+ 59. Rxd1+ Kxd1 60.
Ke6 Ke2 61. Kxf6 Kf2 62. h5 Kxg2 63. h6 1-0

[Event "OGOLNOPOLSKA OLIMPIADA MLODZIEZY<br/>MISTRZOSTWA POLSKI JUNIOROW 2016 - C14"]
[Site "Olecko"]
[Date "2016-05-07"]
[Round "2.22"]
[White "Maciak, Jakub"]
[Black "Kawaler, Adam"]
[Result "1-0"]
[WhiteTitle "II"]
[BlackTitle "I"]
[WhiteElo "1465"]
[BlackElo "1764"]

1. e4 e6 2. d4 d5 3. Nc3 Nf6 4. Bg5 Be7 5. e5 Nfd7 6. Bxe7 Qxe7 7. f4 a6 8. Nf3
c5 9. Be2 Nc6 10. Qd2 b5 11. a3 Rb8 12. Rd1 b4 13. axb4 Rxb4 14. dxc5 Rxb2 15.
Na4 Rb4 16. Nb6 Nxb6 17. cxb6 Rxb6 18. O-O Qb4 19. Qe3 O-O 20. Bd3 f6 21. c3 d4
22. cxd4 Rb8 23. Qe4 Bb7 24. Qxh7+ Kf7 25. Bg6+ Ke7 26. Qxg7+ Kd8 27. exf6 Qd6
28. Rfe1 Bc8 29. Ne5 Nxd4 30. Nc6+ Qxc6 31. Qe7# 1-0

[Event "OGOLNOPOLSKA OLIMPIADA MLODZIEZY<br/>MISTRZOSTWA POLSKI JUNIOROW 2016 - C14"]
[Site "Olecko"]
[Date "2016-05-07"]
[Round "2.23"]
[White "Mietkiewicz, Jacek"]
[Black "Bojczewski, Mateusz"]
[Result "1-0"]
[WhiteTitle "I"]
[BlackTitle "II"]
[WhiteElo "1750"]
[BlackElo "1319"]

1. d4 d5 2. c4 e6 3. Nc3 Nf6 4. Nf3 Be7 5. Bg5 Nbd7 6. cxd5 Nxd5 7. Bxe7 Qxe7 8.
e4 N5f6 9. e5 Nd5 10. Qd2 N7b6 11. Bd3 O-O 12. O-O Rd8 13. Ne4 h6 14. a3 Nd7 15.
Rac1 b6 16. Bb1 Bb7 17. h3 a5 18. Rfd1 Rac8 19. Nh2 c5 20. Nd6 Rc7 21. Ng4 Qg5
22. Qc2 g6 23. Ne4 Qh4 24. Qd2 g5 25. Qc2 Nf8 26. dxc5 bxc5 27. Kh2 Qh5 28. Nef6+
1-0